Catálogo

NORMAS INTERNACIONALES DE CONTABILIDAD (Registro nro. 6031)

Detalles MARC
000 -LEADER
fixed length control field 00403nam a2200145 a 4500
001 - CONTROL NUMBER
control field 6031
005 - DATE AND TIME OF LATEST TRANSACTION
control field 20180713185900.0
008 - FIXED-LENGTH DATA ELEMENTS--GENERAL INFORMATION
fixed length control field 140415s1991 000 0 spa d
041 ## - LANGUAGE CODE
Language code of text/sound track or separate title spa
082 ## - DEWEY DECIMAL CLASSIFICATION NUMBER
Classification number 657.0631
Item number NOR
245 00 - TITLE STATEMENT
Title NORMAS INTERNACIONALES DE CONTABILIDAD
260 ## - PUBLICATION, DISTRIBUTION, ETC.
Place of publication, distribution, etc. [s.l.] :
Name of publisher, distributor, etc. INSTITUTO MEXICANO DE CONTADORES PUBLICOS,
Date of publication, distribution, etc. 1991
300 ## - PHYSICAL DESCRIPTION
Extent 576
650 14 - SUBJECT ADDED ENTRY--TOPICAL TERM
Topical term or geographic name entry element CONTABILIDAD
Existencias
Withdrawn status Lost status Source of classification or shelving scheme Damaged status Not for loan Collection code Home library Current library Shelving location Date acquired Source of acquisition Inventory number Total Checkouts Full call number Barcode Date last seen Price effective from Koha item type
    Dewey Decimal Classification     General Biblioteca Karol Wojtyla Biblioteca Karol Wojtyla Sala general 03/12/2013 Compra 151000000000000000024887   657.0631 NOR 18223 05/01/2026 03/12/2013 Libro